Palm tree justice (Record no. 117890)
[ view plain ]
| 000 -LEADER | |
|---|---|
| fixed length control field | 01324cam a2200241 4500 |
| 001 - CONTROL NUMBER | |
| control field | ABS68275 |
| 008 - FIXED-LENGTH DATA ELEMENTS--GENERAL INFORMATION | |
| fixed length control field | 040825n2004 000 0 eng u |
| 035 ## - SYSTEM CONTROL NUMBER | |
| System control number | (Sirsi) u127151 |
| 100 ## - MAIN ENTRY--PERSONAL NAME | |
| Personal name | Sydenham, A. |
| 245 ## - TITLE STATEMENT | |
| Title | Palm tree justice |
| 260 ## - PUBLICATION, DISTRIBUTION, ETC. | |
| Date of publication, distribution, etc. | 2004 |
| 490 ## - SERIES STATEMENT | |
| Series statement | Farm Tax Brief |
| Volume/sequential designation | 19(7) August/September 2004, 7-8(2) |
| 520 ## - SUMMARY, ETC. | |
| Summary, etc. | Discusses the case, "Oxley v Hiscock" ([2004] EWCA Civ 546, Abs 67871) where the property had been conveyed in the name of Oxley but with financial contribution from Hiscock on the understanding that he would acquire an interest in the property. Considers the approach the court took on the question of the extent of the share Mrs Oxley was entitled to when the relationship broke up and the house sold. The court took the discretionary family law approach as opposed to the more rigid property law approach. Concludes that property lawyers need to ensure that there was clear evidence of discussions showing it was the parties intention to share the ownership of the property and what was the size of the shares. |
| 590 ## - LOCAL NOTE (RLIN) | |
| Local note | ABS |
| 590 ## - LOCAL NOTE (RLIN) | |
| Local note | ABS |
| 650 ## - SUBJECT ADDED ENTRY--TOPICAL TERM | |
| Topical term or geographic name entry element | OXLEY V HISCOCK |
| 650 ## - SUBJECT ADDED ENTRY--TOPICAL TERM | |
| Topical term or geographic name entry element | BENEFICIAL INTEREST |
| 650 ## - SUBJECT ADDED ENTRY--TOPICAL TERM | |
| Topical term or geographic name entry element | SPRINGETTE V DEFOE |
| 650 ## - SUBJECT ADDED ENTRY--TOPICAL TERM | |
| Topical term or geographic name entry element | CONSTRUCTIVE TRUST |
| 650 ## - SUBJECT ADDED ENTRY--TOPICAL TERM | |
| Topical term or geographic name entry element | PROPRIETRY ESTOPPEL |
| 690 ## - LOCAL SUBJECT ADDED ENTRY--TOPICAL TERM (OCLC, RLIN) | |
| Topical term or geographic name as entry element | PROPERTY AND LAND LAW-CASE LAW |
| 942 ## - ADDED ENTRY ELEMENTS (KOHA) | |
| Suppress in OPAC | 0 |
| Withdrawn status | Lost status | Source of classification or shelving scheme | Damaged status | Not for loan | Home library | Current library | Shelving location | Date acquired | Total Checkouts | Full call number | Barcode | Date last seen | Copy number | Price effective from | Koha item type |
|---|---|---|---|---|---|---|---|---|---|---|---|---|---|---|---|
| Dewey Decimal Classification | London | London | Journal article | 25/08/2004 | ABS68275 | 127151-1001 | 06/08/2019 | 1 | 06/08/2019 | Journal article |